[Event "Barcelona Sants op 13th"]
[Site "Barcelona"]
[Date "2011.08.19"]
[Round "1"]
[White "Thomas, Fabien"]
[Black "Almeida Quintana, Omar"]
[Result "0-1"]
[WhiteElo "2120"]
[BlackElo "2548"]
[PlyCount "58"]
[EventDate "2011.08.19"]
[EventType "swiss"]
[EventRounds "10"]
[EventCountry "ESP"]
[SourceTitle "CBM 144 Extra"]
[Source "ChessBase"]
[SourceDate "2011.10.28"]
[SourceVersion "1"]
[SourceVersionDate "2011.10.28"]
[SourceQuality "1"]

1. e4 g6 2. d4 Bg7 3. Nc3 d6 4. Be3 a6 5. Bc4 b5 6. Bb3 Bb7 7. f3 Nd7 8. Nge2 Rc8 9. 0-0 Ngf6 10. Nb1 c5 11. c3 0-0 12. Nd2 e5 13. Bc2 d5 14. Ng3 dxe4 15. Ndxe4 cxd4 16. cxd4 Qb6 17. Bf2 Nxe4 18. Bxe4 exd4 19. Bxb7 Qxb7 20. Bxd4 Ne5 21. Ne2 Rfd8 22. Qb3 Rxd4 23. Nxd4 Qb6 24. Kh1 Qxd4 25. Rfd1 Qf4 26. Qa3 Bf8 27. Qb3 Nc6 28. g3 Qf6 29. Rd3 Na5 0-1

[Event "FRA-chT1 1011"]
[Site "France"]
[Date "2010.11.14"]
[Round "3.5"]
[White "Thomas, Fabien"]
[Black "Lachaux, Jerome"]
[Result "0-1"]
[WhiteElo "2126"]
[BlackElo "2008"]
[PlyCount "94"]
[EventDate "2010.10.17"]
[EventType "team-tourn"]
[EventRounds "11"]
[EventCountry "FRA"]
[SourceTitle "EXT 2012"]
[Source "ChessBase"]
[SourceDate "2011.11.24"]
[SourceVersion "1"]
[SourceVersionDate "2011.11.24"]
[SourceQuality "1"]

1. e4 d5 2. exd5 Nf6 3. Nf3 Bg4 4. c4 c6 5. dxc6 Nxc6 6. Be2 e5 7. 0-0 Bc5 8. d3 0-0 9. Be3 Bxe3 10. fxe3 Qb6 11. Qd2 e4 12. Ne1 exd3 13. Nxd3 Rad8 14. Rxf6 Bxe2 15. Rxc6 Qxc6 16. Qxe2 Qxc4 17. Nf4 Qc1+ 18. Kf2 Rd6 19. Kf3 Re8 20. g4 g5 21. Nh5 Rde6 22. e4 Rc8 23. Qd2 Qh1+ 24. Kg3 Qg1+ 25. Kh3 Qf1+ 26. Kg3 h6 27. Qd4 Qe1+ 28. Kh3 Qh4+ 29. Kg2 Qxg4+ 30. Ng3 Rc1 31. Nc3 Rc2+ 32. Kg1 Qf3 33. Nce2 Rxe2 34. Nxe2 Qxe2 35. Qd8+ Kg7 36. Rf1 Qxe4 37. Qd2 Re7 38. Qc3+ Qe5 39. Qc2 Qe3+ 40. Rf2 Re6 41. Qf5 Qc1+ 42. Rf1 Qc7 43. b3 Qe7 44. Qf3 a6 45. Qd5 f6 46. Rd1 Re2 47. a4 Kg6 0-1

[Event "FRA-chT1 1011"]
[Site "France"]
[Date "2010.10.17"]
[Round "1.6"]
[White "Thomas, Fabien"]
[Black "Bellet, Georges"]
[Result "1-0"]
[WhiteElo "2126"]
[BlackElo "2156"]
[PlyCount "35"]
[EventDate "2010.10.17"]
[EventType "team-tourn"]
[EventRounds "11"]
[EventCountry "FRA"]
[SourceTitle "EXT 2012"]
[Source "ChessBase"]
[SourceDate "2011.11.24"]
[SourceVersion "1"]
[SourceVersionDate "2011.11.24"]
[SourceQuality "1"]

1. e4 c5 2. Nf3 a6 3. c3 d6 4. d4 Nd7 5. Bd3 e6 6. Be3 Qc7 7. 0-0 Ngf6 8. Nbd2 Be7 9. Rc1 b5 10. Qe2 Rb8 11. h3 e5 12. Nh2 b4 13. f4 bxc3 14. bxc3 Rb2 15. Qd1 Rb8 16. Nc4 Bb7 17. fxe5 dxe5 18. dxe5 1-0

[Event "Vecindario Canarias op 4th"]
[Site "Vecindario"]
[Date "2010.07.25"]
[Round "9"]
[White "Thomas, Fabien"]
[Black "Natalicchio Escalante, Nicolas"]
[Result "1/2-1/2"]
[WhiteElo "2082"]
[BlackElo "2193"]
[PlyCount "46"]
[EventDate "2010.07.18"]
[EventType "swiss"]
[EventRounds "9"]
[EventCountry "ESP"]
[SourceTitle "CBM 137 Extra"]
[Source "ChessBase"]
[SourceDate "2010.09.01"]
[SourceVersion "1"]
[SourceVersionDate "2010.09.01"]
[SourceQuality "1"]

1. e4 c5 2. Nf3 d6 3. d4 cxd4 4. Nxd4 Nf6 5. Nc3 g6 6. Be3 Bg7 7. f3 Nc6 8. Qd2 0-0 9. Bc4 Bd7 10. 0-0-0 Rc8 11. Bb3 Nxd4 12. Bxd4 b5 13. e5 dxe5 14. Bxe5 Bc6 15. Qxd8 Rfxd8 16. Rxd8+ Rxd8 17. Rd1 Bh6+ 18. Kb1 Rxd1+ 19. Nxd1 Nd5 20. c4 Nf4 21. cxb5 Bxb5 22. g3 Ne2 23. Nc3 Bd3+ 1/2-1/2

[Event "Vecindario Canarias op 4th"]
[Site "Vecindario"]
[Date "2010.07.24"]
[Round "8"]
[White "Galiana Canillas, Antonio"]
[Black "Thomas, Fabien"]
[Result "0-1"]
[WhiteElo "1659"]
[BlackElo "2082"]
[PlyCount "50"]
[EventDate "2010.07.18"]
[EventType "swiss"]
[EventRounds "9"]
[EventCountry "ESP"]
[SourceTitle "CBM 137 Extra"]
[Source "ChessBase"]
[SourceDate "2010.09.01"]
[SourceVersion "1"]
[SourceVersionDate "2010.09.01"]
[SourceQuality "1"]

1. c4 c6 2. Nc3 d5 3. d4 Nf6 4. c5 Nbd7 5. Nf3 e5 6. dxe5 Ng4 7. b4 Ngxe5 8. e3 a5 9. Nxe5 Nxe5 10. Qa4 Be6 11. b5 Bxc5 12. Ba3 Qe7 13. Bxc5 Qxc5 14. Rc1 0-0 15. Be2 Rac8 16. 0-0 Qb4 17. Qc2 cxb5 18. Rfd1 Rc5 19. Rd4 Qa3 20. Bxb5 Rfc8 21. Qd2 Rxc3 22. Rxc3 Qxc3 23. Qxc3 Rxc3 24. f4 Nc6 25. e4 Nxd4 0-1

[Event "Vecindario Canarias op 4th"]
[Site "Vecindario"]
[Date "2010.07.23"]
[Round "7"]
[White "Thomas, Fabien"]
[Black "Rodriguez Mellado, Antonio"]
[Result "1-0"]
[WhiteElo "2082"]
[BlackElo "1716"]
[PlyCount "28"]
[EventDate "2010.07.18"]
[EventType "swiss"]
[EventRounds "9"]
[EventCountry "ESP"]
[SourceTitle "CBM 137 Extra"]
[Source "ChessBase"]
[SourceDate "2010.09.01"]
[SourceVersion "1"]
[SourceVersionDate "2010.09.01"]
[SourceQuality "1"]

1. e4 e5 2. Nc3 Nf6 3. f4 d6 4. Nf3 Nc6 5. Bb5 Bg4 6. 0-0 Be7 7. d3 0-0 8. Bxc6 bxc6 9. fxe5 dxe5 10. Be3 Re8 11. b3 Bf8 12. Ne2 Bxf3 13. Rxf3 Ng4 14. Kh1 f5 1-0

[Event "Vecindario Canarias op 4th"]
[Site "Vecindario"]
[Date "2010.07.22"]
[Round "6"]
[White "Garcia Padron, Jose"]
[Black "Thomas, Fabien"]
[Result "1-0"]
[WhiteElo "2455"]
[BlackElo "2082"]
[PlyCount "107"]
[EventDate "2010.07.18"]
[EventType "swiss"]
[EventRounds "9"]
[EventCountry "ESP"]
[SourceTitle "CBM 137 Extra"]
[Source "ChessBase"]
[SourceDate "2010.09.01"]
[SourceVersion "1"]
[SourceVersionDate "2010.09.01"]
[SourceQuality "1"]

1. e4 c5 2. Nc3 Nc6 3. Nf3 g6 4. d4 cxd4 5. Nxd4 Bg7 6. Be3 d6 7. f3 Nf6 8. Qd2 0-0 9. Bc4 Bd7 10. h4 Rc8 11. Bb3 h5 12. 0-0-0 Ne5 13. Bg5 Nc4 14. Bxc4 Rxc4 15. Nde2 b5 16. e5 b4 17. exf6 bxc3 18. Nxc3 exf6 19. Bh6 Qa5 20. Bxg7 Kxg7 21. Qxd6 Be6 22. Rhe1 Rfc8 23. Rxe6 fxe6 24. Qe7+ Kh6 25. Rd7 Rxh4 26. Qxf6 Rh1+ 27. Kd2 Qg5+ 28. Qxg5+ Kxg5 29. Ne4+ Kh6 30. Nd6 Rc5 31. c4 Ra5 32. Nf7+ Kg7 33. Nd8+ Kh6 34. Nxe6 Rxa2 35. Kc2 Ra6 36. Nd8 Raa1 37. f4 Rhc1+ 38. Kb3 Ra6 39. Nf7+ Kg7 40. Ne5+ Kf8 41. Kb4 Rb6+ 42. Kc5 Rxb2 43. Rxa7 Rxg2 44. Kd6 Rf1 45. Rf7+ Kg8 46. c5 Rd2+ 47. Ke6 Rdf2 48. c6 Rxf4 49. Rxf4 Rxf4 50. c7 Rf8 51. Nc6 Re8+ 52. Kf6 Kh7 53. Nd8 Rf8+ 54. Ke7 1-0

[Event "Vecindario Canarias op 4th"]
[Site "Vecindario"]
[Date "2010.07.21"]
[Round "5"]
[White "Thomas, Fabien"]
[Black "Sanchez Montesdeoca, Isaac"]
[Result "1-0"]
[WhiteElo "2082"]
[BlackElo "1705"]
[PlyCount "60"]
[EventDate "2010.07.18"]
[EventType "swiss"]
[EventRounds "9"]
[EventCountry "ESP"]
[SourceTitle "CBM 137 Extra"]
[Source "ChessBase"]
[SourceDate "2010.09.01"]
[SourceVersion "1"]
[SourceVersionDate "2010.09.01"]
[SourceQuality "1"]

1. e4 c5 2. Nf3 d6 3. d4 cxd4 4. Nxd4 Nf6 5. Nc3 g6 6. Be3 Bg7 7. f3 0-0 8. Qd2 Nc6 9. Bc4 Bd7 10. 0-0-0 Rc8 11. Bb3 Ne5 12. g4 Nc4 13. Bxc4 Rxc4 14. h4 h5 15. gxh5 Nxh5 16. Rhg1 b5 17. Kb1 a5 18. Nce2 Qa8 19. Bh6 Bf6 20. Bxf8 Qxf8 21. b3 Rc5 22. f4 e5 23. Nf3 d5 24. Nxe5 Be6 25. f5 Bxe5 26. fxe6 a4 27. Qg5 Qg7 28. e7 Rc8 29. Rxd5 Ba1 30. Rd8+ Kh7 1-0

[Event "Vecindario Canarias op 4th"]
[Site "Vecindario"]
[Date "2010.07.20"]
[Round "4"]
[White "Robin, Samy"]
[Black "Thomas, Fabien"]
[Result "1-0"]
[WhiteElo "2308"]
[BlackElo "2082"]
[PlyCount "53"]
[EventDate "2010.07.18"]
[EventType "swiss"]
[EventRounds "9"]
[EventCountry "ESP"]
[SourceTitle "CBM 137 Extra"]
[Source "ChessBase"]
[SourceDate "2010.09.01"]
[SourceVersion "1"]
[SourceVersionDate "2010.09.01"]
[SourceQuality "1"]

1. e4 c5 2. Nf3 d6 3. d4 cxd4 4. Nxd4 Nf6 5. Nc3 a6 6. a4 e5 7. Nb3 Be6 8. f3 Nbd7 9. Be3 Rc8 10. Qd2 Be7 11. Be2 0-0 12. 0-0 Nb6 13. a5 Nc4 14. Bxc4 Rxc4 15. Nd5 Nxd5 16. exd5 Bf5 17. c3 Qd7 18. Nc1 Ra4 19. Ne2 Rc8 20. b3 Rxa1 21. Rxa1 Qb5 22. Ra3 Qd3 23. c4 Qb1+ 24. Qc1 Qd3 25. Kf2 Bg6 26. Qc3 Qxc3 27. Nxc3 1-0

[Event "Vecindario Canarias op 4th"]
[Site "Vecindario"]
[Date "2010.07.19"]
[Round "3"]
[White "Thomas, Fabien"]
[Black "Martinez Martin, David"]
[Result "0-1"]
[WhiteElo "2082"]
[BlackElo "2406"]
[PlyCount "66"]
[EventDate "2010.07.18"]
[EventType "swiss"]
[EventRounds "9"]
[EventCountry "ESP"]
[SourceTitle "CBM 137 Extra"]
[Source "ChessBase"]
[SourceDate "2010.09.01"]
[SourceVersion "1"]
[SourceVersionDate "2010.09.01"]
[SourceQuality "1"]

1. e4 c5 2. Nf3 d6 3. d4 cxd4 4. Nxd4 Nf6 5. Nc3 Nc6 6. Bg5 e6 7. Bb5 Qb6 8. a4 a6 9. a5 Qc7 10. Bxc6+ bxc6 11. Qf3 Rb8 12. 0-0 Rxb2 13. Na4 Rb8 14. Bxf6 gxf6 15. Nb6 Rg8 16. Rab1 c5 17. Ne2 Bb7 18. Ng3 f5 19. Qe3 fxe4 20. Nxe4 Rg6 21. Ng3 Bg7 22. c3 d5 23. Rfd1 Rd8 24. Qe1 d4 25. cxd4 Bxd4 26. Nc4 h5 27. Ne4 Ke7 28. Ncd2 Rdg8 29. g3 f5 30. Nf3 Bxe4 31. Nxd4 Bxb1 32. Rxb1 cxd4 33. Rb6 Rc8 0-1

[Event "Vecindario Canarias op 4th"]
[Site "Vecindario"]
[Date "2010.07.18"]
[Round "2"]
[White "Vega Gutierrez, Sabrina Neide"]
[Black "Thomas, Fabien"]
[Result "0-1"]
[WhiteElo "2373"]
[BlackElo "2082"]
[PlyCount "100"]
[EventDate "2010.07.18"]
[EventType "swiss"]
[EventRounds "9"]
[EventCountry "ESP"]
[SourceTitle "CBM 137 Extra"]
[Source "ChessBase"]
[SourceDate "2010.09.01"]
[SourceVersion "1"]
[SourceVersionDate "2010.09.01"]
[SourceQuality "1"]

1. e4 c5 2. Nf3 d6 3. d4 cxd4 4. Nxd4 Nf6 5. Nc3 a6 6. Be2 e5 7. Nb3 Be7 8. 0-0 0-0 9. a4 Be6 10. Bf3 Nbd7 11. Re1 Rc8 12. a5 Nc5 13. Nd2 b5 14. axb6 Qxb6 15. Nf1 Qb7 16. g4 h6 17. Ng3 Rfd8 18. Nd5 Bxd5 19. exd5 Nh7 20. Nf5 Bf8 21. b3 Ng5 22. Bg2 g6 23. h4 gxf5 24. hxg5 f4 25. gxh6 Bxh6 26. Ba3 Kg7 27. Bxc5 Rxc5 28. Qd3 a5 29. Be4 Rb8 30. Ra4 Bg5 31. Kg2 Rh8 32. Rh1 Bh4 33. Rh3 Qb6 34. Qf3 f6 35. c4 Rcc8 36. Ra1 Bxf2 37. Rah1 Qe3 38. Rh7+ Rxh7 39. Rxh7+ Kg8 40. Qxe3 Bxe3 41. Bd3 Rb8 42. Rd7 Bc5 43. Bf5 Rxb3 44. Be6+ Kh8 45. Rd8+ Kg7 46. Rd7+ Kh6 47. Bf5 f3+ 48. Kg3 f2+ 49. Kh4 Rh3+ 50. Kxh3 f1Q+ 0-1

[Event "Chamalieres op"]
[Site "Chamalieres"]
[Date "2009.10.29"]
[Round "8"]
[White "Thomas, Fabien"]
[Black "Flear, Christine"]
[Result "1/2-1/2"]
[WhiteElo "1978"]
[BlackElo "2148"]
[PlyCount "24"]
[EventDate "2009.10.24"]
[EventType "swiss"]
[EventRounds "9"]
[EventCountry "FRA"]
[SourceTitle "EXT 2010"]
[Source "ChessBase"]
[SourceDate "2010.11.25"]
[SourceVersion "1"]
[SourceVersionDate "2010.11.25"]
[SourceQuality "1"]

1. e4 c5 2. Nf3 e6 3. d4 cxd4 4. Nxd4 a6 5. Bd3 Ne7 6. c4 Nbc6 7. Nxc6 Nxc6 8. Nc3 d6 9. 0-0 g6 10. Be3 Bg7 11. Qd2 0-0 12. Rad1 Qa5 1/2-1/2

[Event "Chamalieres op"]
[Site "Chamalieres"]
[Date "2009.10.27"]
[Round "5"]
[White "Piat, Jerome P"]
[Black "Thomas, Fabien"]
[Result "1-0"]
[WhiteElo "2167"]
[BlackElo "1978"]
[PlyCount "45"]
[EventDate "2009.10.24"]
[EventType "swiss"]
[EventRounds "9"]
[EventCountry "FRA"]
[SourceTitle "EXT 2010"]
[Source "ChessBase"]
[SourceDate "2010.11.25"]
[SourceVersion "1"]
[SourceVersionDate "2010.11.25"]
[SourceQuality "1"]

1. e4 c5 2. Nf3 d6 3. d4 cxd4 4. Nxd4 Nf6 5. Nc3 a6 6. f4 Qc7 7. Be2 g6 8. 0-0 Bg7 9. Kh1 0-0 10. a4 Nc6 11. Be3 Ng4 12. Bg1 Nxd4 13. Bxd4 Bxd4 14. Qxd4 e5 15. Qd2 Qc5 16. Bxg4 Bxg4 17. f5 f6 18. h3 Kg7 19. hxg4 g5 20. Qd5 Qb6 21. Ra3 Rf7 22. Rb3 Qa5 23. Qxd6 1-0

[Event "Chamalieres op"]
[Site "Chamalieres"]
[Date "2009.10.25"]
[Round "2"]
[White "Thomas, Fabien"]
[Black "Claverie, Christophe"]
[Result "0-1"]
[WhiteElo "1978"]
[BlackElo "2343"]
[PlyCount "92"]
[EventDate "2009.10.24"]
[EventType "swiss"]
[EventRounds "9"]
[EventCountry "FRA"]
[SourceTitle "EXT 2010"]
[Source "ChessBase"]
[SourceDate "2010.11.25"]
[SourceVersion "1"]
[SourceVersionDate "2010.11.25"]
[SourceQuality "1"]

1. e4 c5 2. Nf3 e6 3. d4 cxd4 4. Nxd4 a6 5. Bd3 Qc7 6. Qe2 d6 7. 0-0 Nd7 8. f4 Ngf6 9. Be3 Be7 10. Nd2 Nc5 11. b4 Nxd3 12. cxd3 0-0 13. Rac1 Qd8 14. h3 e5 15. N4f3 Nh5 16. Qf2 Nxf4 17. Bxf4 exf4 18. Nd4 Be6 19. Nc4 Bh4 20. Qb2 Bf6 21. Rxf4 Bxc4 22. Rxc4 Be5 23. Rf1 b5 24. Rc6 Qd7 25. Rfc1 Rac8 26. Rxc8 Rxc8 27. Rxc8+ Qxc8 28. Kh1 Qd8 29. Nc6 Qf6 30. Nxe5 dxe5 31. Kg1 g6 32. Qf2 Qd6 33. Qc5 Qxc5+ 34. bxc5 Kf8 35. Kf2 Ke7 36. Ke3 Kd7 37. d4 Kc6 38. Kd3 f5 39. exf5 gxf5 40. dxe5 Kxc5 41. e6 Kd6 42. Kd4 Kxe6 43. Kc5 Ke5 44. Kb6 Kf4 45. Kxa6 Kg3 46. Kxb5 f4 0-1

[Event "Condom op-A"]
[Site "Condom"]
[Date "2009.07.16"]
[Round "7"]
[White "Mindeguia Guruceaga, Juan Jesus"]
[Black "Thomas, Fabien"]
[Result "1-0"]
[WhiteElo "2180"]
[BlackElo "1988"]
[PlyCount "31"]
[EventDate "2009.07.11"]
[EventType "swiss"]
[EventRounds "9"]
[EventCountry "FRA"]
[SourceTitle "CBM 131 Extra"]
[Source "ChessBase"]
[SourceDate "2009.09.03"]
[SourceVersion "2"]
[SourceVersionDate "2009.09.16"]
[SourceQuality "1"]

1. e4 c5 2. Nf3 d6 3. d4 cxd4 4. Nxd4 Nf6 5. f3 e5 6. Nb3 d5 7. Bg5 d4 8. c3 Nc6 9. Bb5 Bd7 10. cxd4 Nxd4 11. Nxd4 exd4 12. Qxd4 Qa5+ 13. Nc3 0-0-0 14. 0-0-0 Be7 15. Qc4+ Bc6 16. Bf4 1-0

[Event "Ouest Toulousain op-A 4th"]
[Site "Tournefeuille"]
[Date "2009.02.19"]
[Round "6"]
[White "Peric, Slavisa"]
[Black "Thomas, Fabien"]
[Result "1-0"]
[WhiteElo "2264"]
[BlackElo "1984"]
[PlyCount "63"]
[EventDate "2009.02.16"]
[EventType "swiss"]
[EventRounds "9"]
[EventCountry "FRA"]
[SourceTitle "CBM 128 Extra"]
[Source "ChessBase"]
[SourceDate "2009.03.05"]
[SourceVersion "2"]
[SourceVersionDate "2009.03.25"]
[SourceQuality "1"]

1. d4 d5 2. Bf4 Nf6 3. e3 Bf5 4. c4 c6 5. Nc3 e6 6. Qb3 Qb6 7. c5 Qxb3 8. axb3 Nbd7 9. b4 Be7 10. b5 0-0 11. h3 cxb5 12. Bxb5 a6 13. Be2 h6 14. Nf3 Rfc8 15. Nd2 b6 16. b4 a5 17. bxa5 bxc5 18. Nb5 c4 19. a6 Bb4 20. f3 Nb8 21. a7 Nc6 22. e4 dxe4 23. fxe4 Nxe4 24. Bf3 g5 25. Be3 Ng3 26. Rg1 c3 27. Nc4 Bd3 28. Nb6 Bxb5 29. Nxc8 Nf5 30. Kf2 Bd6 31. g4 Nxe3 32. Nxd6 1-0

[Event "Ouest Toulousain op-A 4th"]
[Site "Tournefeuille"]
[Date "2009.02.18"]
[Round "4"]
[White "Thomas, Fabien"]
[Black "Sumets, Andrey"]
[Result "0-1"]
[WhiteElo "1984"]
[BlackElo "2546"]
[PlyCount "72"]
[EventDate "2009.02.16"]
[EventType "swiss"]
[EventRounds "9"]
[EventCountry "FRA"]
[SourceTitle "CBM 128 Extra"]
[Source "ChessBase"]
[SourceDate "2009.03.05"]
[SourceVersion "2"]
[SourceVersionDate "2009.03.25"]
[SourceQuality "1"]

1. e4 c5 2. Nf3 d6 3. d4 cxd4 4. Nxd4 Nf6 5. Nc3 Nc6 6. Bg5 e6 7. Bb5 Qb6 8. a4 a6 9. a5 Qc7 10. Bxc6+ bxc6 11. Qf3 c5 12. Nb3 Nd7 13. 0-0 Ne5 14. Qe2 h6 15. Be3 Be7 16. Na4 Nd7 17. Nd2 0-0 18. Nc4 Bb7 19. f3 Rae8 20. Qd2 d5 21. exd5 exd5 22. Bf4 Qc6 23. Rfd1 Qg6 24. Nab6 Nxb6 25. Nxb6 Qf5 26. g4 Qg6 27. Nd7 f5 28. Nxf8 Rxf8 29. Bg3 fxg4 30. fxg4 d4 31. h3 Bg5 32. Qe2 Rf3 33. Kh2 Rxg3 34. Qc4+ Kh7 35. Kxg3 Qd6+ 36. Kf2 Qh2+ 0-1

[Event "Ouest Toulousain op-A 4th"]
[Site "Tournefeuille"]
[Date "2009.02.17"]
[Round "2"]
[White "Thomas, Fabien"]
[Black "Robin, Samy"]
[Result "0-1"]
[WhiteElo "1984"]
[BlackElo "2369"]
[PlyCount "88"]
[EventDate "2009.02.16"]
[EventType "swiss"]
[EventRounds "9"]
[EventCountry "FRA"]
[SourceTitle "CBM 128 Extra"]
[Source "ChessBase"]
[SourceDate "2009.03.05"]
[SourceVersion "2"]
[SourceVersionDate "2009.03.25"]
[SourceQuality "1"]

1. e4 Nf6 2. Nc3 d5 3. exd5 Nxd5 4. Bc4 c6 5. Qf3 e6 6. Nge2 Nd7 7. d4 Qf6 8. Qxf6 N7xf6 9. a3 b5 10. Nxd5 Nxd5 11. Bd3 Bd7 12. 0-0 c5 13. dxc5 Bxc5 14. b4 Be7 15. Bb2 0-0 16. Be4 Rac8 17. Rad1 Rfd8 18. c3 Nb6 19. Rd3 f5 20. Bf3 Nc4 21. Bc1 Ne5 22. Re3 Bf6 23. Re1 Nxf3+ 24. Rxf3 Bc6 25. Rg3 e5 26. Bg5 Kf7 27. Nc1 f4 28. Bxf6 Kxf6 29. Rh3 Bd7 30. Rd3 Be6 31. f3 Bc4 32. Rdd1 g5 33. Kf2 h5 34. g3 g4 35. gxf4 exf4 36. Rd4 Rxd4 37. cxd4 Rd8 38. Re4 Kg5 39. Re5+ Kh4 40. Re1 Rf8 41. Ne2 Bxe2 42. Rxe2 Kh3 43. d5 g3+ 44. Kg1 Rc8 0-1

[Event "FRA-ch Accession"]
[Site "Besancon"]
[Date "2006.08.19"]
[Round "5"]
[White "Castro, John"]
[Black "Thomas, Fabien"]
[Result "1/2-1/2"]
[WhiteElo "1886"]
[BlackElo "1940"]
[PlyCount "46"]
[EventDate "2006.08.15"]
[EventType "swiss"]
[EventRounds "10"]
[EventCountry "FRA"]
[SourceTitle "CBM 113 Extra"]
[Source "ChessBase"]
[SourceDate "2006.09.14"]
[SourceVersion "1"]
[SourceVersionDate "2006.09.14"]
[SourceQuality "1"]

1. c4 c5 2. Nc3 Nf6 3. g3 Nc6 4. Bg2 g6 5. e3 Bg7 6. Nge2 0-0 7. 0-0 d6 8. d4 cxd4 9. exd4 Bg4 10. h3 Bd7 11. Be3 a6 12. Qd2 Rc8 13. Rad1 Qa5 14. b3 Rfd8 15. Bh6 b5 16. Rfe1 bxc4 17. bxc4 Re8 18. Bxg7 Kxg7 19. Nf4 Qb4 20. Nfd5 Nxd5 21. Nxd5 Qxd2 22. Rxd2 Na5 23. Nb6 Nxc4 1/2-1/2